| 000 | 00636nam a2200217 i 4500 | ||
|---|---|---|---|
| 001 | 71618 | ||
| 003 | ES-MaACL | ||
| 005 | 20250829112154.0 | ||
| 007 | t| | ||
| 008 | 040813s1972 sp ||||1| spa d | ||
| 100 | 1 |
_aGeorge, Pierre. _956386 |
|
| 245 | 1 | 0 |
_aGeografía del consumo / _cpor Pierre George ; [traducción de A. Giralt Pont]. |
| 250 | _a[1ª ed.]. | ||
| 260 |
_aBarcelona : _bOikos-Tau, _c[1972] |
||
| 300 |
_a118 p. ; _c18 cm. |
||
| 490 | 1 |
_a¿Qué sé? ; _v86 |
|
| 700 | 1 |
_aGiralt Pont, A. _957206 |
|
| 830 | 0 |
_a¿Qué sé? _v86 _9181382 |
|
| 852 |
_aES-MaACL _jC-53185 _bR.84081 |
||
| 999 |
_c71618 _d71618 |
||